00577nam a2200145Ia 4500008004100000020001800041041000800059082001600067100005400083245022700137250000600364260003900370300001300409650000900422210716s2017 xx 000 0 und d a9781787289311 aeng a006.35 BHAK aBhavsar, Krishna; Kumar, Naresh; Dangeti, Pratap. aNatural language processing with python cookbook: over 60 recipes to implement text analytics solutions using deep learning principles.bOver 60 recipes to implement text analytics solutions using deep learning principles. a1 aMumbaibPackt Publishing Ltdc2017 aviii,297 aNone